Strings, gauge fields, and the geometry behind : (Record no. 749293)

MARC details
000 -LEADER
fixed length control field 00414nam a22001337a 4500
020 ## - INTERNATIONAL STANDARD BOOK NUMBER
ISBN 9789814412544
245 ## - TITLE STATEMENT
Title Strings, gauge fields, and the geometry behind :
Sub Title the legacy of Maximilian Kreuzer
260 ## - PUBLICATION, DISTRIBUTION, ETC. (IMPRINT)
Place of publication Singapore:
Name of publisher World Scientific,
Year of publication 2013.
300 ## - PHYSICAL DESCRIPTION
Number of Pages vii,551p.
650 ## - SUBJECT ADDED ENTRY--TOPICAL TERM
Topical Term Field And String Theories
650 ## - SUBJECT ADDED ENTRY--TOPICAL TERM
Topical Term Constitution and properties of matter
700 ## - ADDED ENTRY--PERSONAL NAME
Personal name Rebhan,Anton
942 ## - ADDED ENTRY ELEMENTS (KOHA)
Source of classification or shelving scheme Dewey Decimal Classification
Koha item type Book
Holdings
Withdrawn status Lost status Source of classification or shelving scheme Damaged status Not for loan Collection code Home Library Current Location Shelving location Date acquired Source of acquisition Cost, normal purchase price Full call number Accession Number Price effective from Koha item type
    Dewey Decimal Classification     Non-fiction Dept. of Physics Dept. of Physics General Stacks 02/06/2025 SBS-T/57 dt 03-12-2024 17286.96 530.143 REB-S PHY8989 02/06/2025 Book